| 000 | 00620nam a22001937a 4500 | ||
|---|---|---|---|
| 003 | OSt | ||
| 005 | 20190805104057.0 | ||
| 008 | 190805b xxu||||| |||| 00| 0 ara d | ||
| 040 | _aLB-BrCRDP | ||
| 082 | _a907 F247t | ||
| 100 | _aعمر فروخ | ||
| 245 | _aتجديد التاريخ في تعليله وتدوينه : إعادة النظر في التاريخ | ||
| 260 |
_aبيروت _bدار الباحث للطباعة والنشر _c1980 |
||
| 300 |
_aص319 _cسم24 |
||
| 630 | _a Historiography -- Arab countries. | ||
| 630 | _aArab countries -- History. | ||
| 630 | _aHistoriography. | ||
| 942 |
_2ddc _cBK |
||
| 999 |
_c23152 _d23152 |
||